[Event "RUS-Cup06"]
[Site "Nizhnij Novgorod"]
[Date "1998.07.04"]
[Round "6"]
[White "Kharlov, Andrei"]
[Black "Kiriakov, Petr"]
[Result "1/2-1/2"]
[WhiteElo "2560"]
[BlackElo "2495"]
[Annotator "Tsesarsky"]
[PlyCount "117"]
[EventDate "1998.06.29"]
[EventType "swiss"]
[EventRounds "9"]
[EventCountry "RUS"]
[SourceTitle "EXT 2000"]
[Source "ChessBase"]
[SourceDate "1999.11.16"]
[SourceVersion "1"]
[SourceVersionDate "1999.11.16"]
[SourceQuality "1"]

1. c4 Nf6 2. Nc3 e6 3. Nf3 d5 4. d4 Nbd7 5. cxd5 exd5 6. Bg5 c6 7. e3 Be7 8.
Bd3 Ne4 9. Bxe7 Qxe7 10. Qc2 (10. O-O O-O 11. Qc2 f5 12. Nd2 Ndf6 13. Rae1 Be6
14. f3 Nxd2 15. Qxd2 $14 {0-1 Wexler,B-Eliskases,E/Mar del Plata zt 1951 (51)})
10... Ndf6 (10... Nxc3 11. bxc3 Nb6 12. O-O Bg4 13. Ne5 Bh5 14. a4 (14. c4 f6
$15) 14... f6 15. Nf3 Bxf3 16. gxf3 Qf7 (16... g6 17. a5 Nc8 18. c4 $14) 17.
Rfb1 $14 {1-0 Beliavsky,A-Smyslov,V/Aker Brygge 1989 (46)}) (10... f5 11. O-O-O
(11. O-O O-O 12. Rae1 (12. Rfe1 g6 13. Nd2 Qh4 14. Nf1 Ndf6 15. f3 Nd6 16. Rac1
$14 (16. Re2 Be6 17. Rae1 $132 Bf7 {1/2-1/2 Vigh,B-Orso,M/HUN-chT2 1994})) (12.
Rac1 g5 13. Nd2 Nb6 14. Rcd1 Bd7 15. Qb3 Kh8 16. Rfe1 g4 17. Ne2 $14 {1-0
Beinoras,M-Urushadze,D/EuYouth U10 Boys, Tallinn EST 1997 (17)}) 12... Ndf6 (
12... Rf6 13. Ne2 $14 (13. g3 g5 14. Kg2 (14. Bxe4 fxe4 15. Nxg5 Nb6 16. f3 Rf8
17. Ngxe4 dxe4 18. fxe4 Bh3 $17) 14... Rh6 15. Ng1 Qf7 16. f3 Qh5 17. h3 $14 {
Bogoljubow,E-Ahues,C/San Remo 1930/0-1 (52)})) (12... Qd6 13. Ne2 b6 14. Ne5
Nxe5 15. dxe5 Qxe5 16. Qxc6 Rb8 17. Nd4 $14 {1-0 Cording,H-Ekstrom,F/corr-7
Wch 1972 (60)}) 13. Ne5 Be6 14. f3 Nxc3 15. Qxc3 Nd7 16. Nxd7 Qxd7 17. f4 Rae8
$11 {Morris,H-Burdge,H/Ventnor City 1940/0-1 (58)}) 11... O-O 12. Kb1 a5 13.
Rc1 a4 14. a3 b5 15. Na2 Bb7 16. Qe2 $14 {0-1 Pieper Emden,C-Gerstner,W/
Karlsruhe 1997 (30)}) 11. O-O O-O 12. Rae1 (12. Rab1 Nxc3 13. Qxc3 a5 14. Qc2
g6 15. Rfc1 Ne8 16. Qc5 $14 {Certek,P-Krajnak,M/SVK-ch Trencin 1995/1-0 (64)})
12... Bf5 13. Ne5 (13. Nh4 $5 Be6 14. Nxe4 Nxe4 $5 (14... dxe4 15. Bxe4 Nxe4
16. Qxe4 f5 17. Qe5 (17. Qf4 Bc4 $5 (17... g5 18. Qg3 Bc4 19. f4 Bxf1 20. Rxf1
Rae8 21. Rf3 Qd8 (21... g4 22. Nxf5 $16) 22. h3 $1 (22. fxg5 $2 Rxe3 23. g6 (
23. Rxe3 f4 24. Qh3 fxe3 25. Qe6+ Kh8 26. Qe5+ (26. Qxe3 Re8 27. Qd2 Qe7 28.
Nf3 Qe2 $15) 26... Kg8 27. Qe6+ Kh8 $11 (27... Rf7 28. Nf5 $14)) 23... Rxf3 24.
gxh7+ Kh8 25. Ng6+ (25. Nxf3 Qd7 26. Qe5+ Kxh7 (26... Qg7 27. Ng5 Qxe5 28. dxe5
$16) 27. Ng5+ Kg8 28. h4 Re8 29. Qf6 $44) 25... Kg7 26. Nxf8+ Rxg3 27. Ne6+
Kxh7 28. Nxd8 Rd3 $17) 22... b6 $22 23. fxg5 $1 (23. Kh2 Re4 24. b3 Ree8 25.
fxg5 Rxe3 26. g6 (26. Rxe3 f4 27. Qg4 fxe3 28. Qe6+ Rf7 29. Nf5 Qd7 30. Nh6+
Kf8 31. Qxe3 Qd6+ $15)) 23... Rxe3 (23... Qd5 24. g6 $16) 24. Rxe3 (24. g6 Rxf3
25. gxh7+ Kxh7 26. Qg6+ Kh8 27. Qh6+ (27. Nxf3 Qf6 28. Ne5 c5 29. Kf1 $5 Qg7 (
29... cxd4 30. Qh5+ Kg8 31. Nd7 $16) 30. Qe6 Rg8 31. Nf7+ Kh7 32. Qxf5+ Qg6 33.
Ng5+ Kh6 34. Nf7+ Kg7 35. Qxg6+ Kxg6 36. Ne5+ Kf5 $15) 27... Kg8 28. Qg6+ $11)
24... f4 25. Qg4 fxe3 26. Qe6+ Rf7 (26... Kh8 27. Qe5+ Kg8 28. Qe6+ $11) 27.
Nf5 Kf8 28. Qe5 $16) 18. Nxf5 Qd7 19. g4 Bxf1 20. Rxf1 g6 21. Qd6 Rad8 22. Qxd7
Rxd7 23. Ng3 $14 {_|_}) 17... Rae8 18. Nf3 Bc4 $15) 15. Bxe4 (15. Nf3 $132)
15... Qxh4 16. Bd3 $14) 13... Rfe8 14. f3 (14. Na4 Bc8 15. f3 Ng5 16. Nc5 Ne6
17. b4 $14) (14. Ne2 g6 (14... Bc8 15. Nf4 (15. f3 Nc5 $1 (15... Nd6 $14) 16.
dxc5 Qxe5 17. Nd4 Bd7 $132) 15... Nd7 16. Nxd7 Bxd7 17. f3 Nf6 18. e4 Qb4 19.
Qc3 Qxc3 20. bxc3 $14)) 14... Nxc3 $8 15. bxc3 Bxd3 16. Nxd3 (16. Qxd3 $132)
16... Qa3 (16... b6 17. e4 Qc7 18. e5 Nd7 19. f4 c5 20. Qf2 Rac8 21. f5 $2 (21.
Rc1 Qc6 22. f5 Qh6 23. Nf4 Qg5 24. e6 (24. Nxd5 cxd4 25. e6 Ne5 26. Rce1 Nd3
27. exf7+ Kxf7 28. Rxe8 Nxf2 29. Rxc8 Nh3+ 30. Kh1 Nf2+ 31. Kg1 Nh3+ $11) 24...
Nf6 25. exf7+ Kxf7 26. Ne6 Qh6 27. dxc5 bxc5 28. Qf3 $14) 21... cxd4 22. cxd4
Qc2 23. Qxc2 (23. e6 Qxf2+ 24. Rxf2 fxe6 25. fxe6 Nf6 $15) 23... Rxc2 24. Rf2 (
24. Nb4 Rc4 25. Nxd5 Rxd4 26. e6 Nc5 (26... Rxd5 27. exd7 Rf8 28. Re7 $16) 27.
Nc7 Re7 28. Nb5 Rd2 29. Rf2 Rxf2 30. exf7+ Kf8 31. Rxe7 Rb2 32. Re8+ Kxf7 33.
Nd6+ Kf6 $17) 24... Rc4 25. Rf4 Nb8 26. Kf2 Nc6 27. Ke3 f6 28. e6 g5 $17) 17.
Qb3 Qxb3 18. axb3 a5 $11 (18... Re7 19. Kf2 $11) 19. Re2 a4 20. bxa4 (20. Ne5
axb3 21. Rb1 Ra3 22. Reb2 b5 23. Rxb3 Ra6 $11) 20... Rxa4 21. Rb1 Re7 (21...
Ra7 $11) 22. Nc5 Ra3 $6 $14 (22... Ra7 $11) 23. Rb3 $6 $132 (23. Nxb7 Rxc3 24.
Kf2 $14) 23... Rxb3 24. Nxb3 b6 25. Nc1 (25. Kf2 Ra7 26. Rb2 Ra3 27. Nd2 Ra6
28. c4 $132) 25... Ra7 26. Nd3 Ra3 27. Rc2 Kf8 (27... Nd7 $132) 28. Kf2 Ke7 29.
Ke2 (29. Ne5 c5 30. Rb2 Rxc3 31. Rxb6 Rc2+ $11) 29... b5 30. g4 $5 (30. Ne5 Ra6
$11) 30... Nd7 31. e4 (31. h4 $5 $132) 31... f6 32. h4 (32. exd5 cxd5 $11)
32... Kd6 33. h5 c5 34. Ke3 (34. Kd2 dxe4 35. fxe4 cxd4 36. cxd4 Nb6 37. Rc5
Nc4+ 38. Ke2 Ra2+ 39. Kf3 Rd2 40. Rd5+ Kc7 41. Nc5 Kc6 $132) 34... Rb3 35. Kd2
(35. Nf4 cxd4+ 36. Kxd4 Ne5 (36... dxe4 37. Kxe4 b4 $11) 37. exd5 Nxf3+ 38. Ke4
Ne5 39. Kf5 Nc4 40. Ke4 b4 41. cxb4 (41. h6 g6 42. Nxg6 (42. Ne2 bxc3 43. Rxc3
Rb4 44. Nd4 Ne5 45. Ra3 Nxg4 46. Ra6+ Ke7 (46... Kc7 47. Ra7+ Rb7 48. d6+ Kc8
49. Ra8+ Kd7 50. Kd5 Ne3+ (50... Nxh6 51. Ne6 Rb5+ 52. Nc5+ Rxc5+ 53. Kxc5 Nf5
54. Ra3 $18) 51. Kc5 Nf5 52. Nxf5 gxf5 53. Rg8 Ke6 54. Kc6 $18) 47. Ra7+ Kd6
48. Ra6+ $11) 42... Rxc3 43. Rxc3 bxc3 44. Kd3 hxg6 45. h7 Ne5+ 46. Kxc3 Nf7
$19) 41... Rxb4 42. Kf3 Ne5+ 43. Kg3 (43. Ke3 Nxg4+ $19) 43... Rb3+ $19) 35...
dxe4 36. fxe4 cxd4 (36... Ra3 37. Rb2 Kc6 38. Rb1 $11) 37. cxd4 Nb6 (37... Rb1
38. Rb2 Rxb2+ 39. Nxb2 Nf8 40. Nd3 Ne6 $11) 38. Ke2 (38. Rc5 Nc4+ 39. Kc2 Ra3
40. Rxb5 Ne3+ 41. Kd2 Nxg4 42. Rb7 Ra2+ 43. Kc1 Ra4 44. Rb6+ Kc7 45. Rb4 Rxb4
46. Nxb4 $11) 38... Ra3 39. e5+ (39. Rc5 $1 Na4 (39... Ra2+ 40. Ke1 Ra1+ 41.
Kf2 Ra2+ 42. Kf3 Ra3 43. e5+ Ke7 (43... fxe5 44. dxe5+ Ke6 45. Rc6+ Kd5 46.
Rd6+ Kc4 47. Ke4 Na4 48. Rc6+ Kb3 49. Kd4 $18) 44. Rxb5 Rxd3+ 45. Ke4 Rg3 46.
Rxb6 Rxg4+ 47. Kd5 fxe5 48. Rb7+ Kd8 49. dxe5 $16) (39... Rb3 $1 40. e5+ (40.
g5 Na4 41. gxf6 gxf6 (41... Nxc5 42. fxg7 $18) 42. Rc8 Nc3+ 43. Ke3 Nd1+ 44.
Kd2 Nb2 45. Nxb2 Rxb2+ 46. Kc3 Re2 47. Kd3 Rh2 $11) 40... fxe5 41. dxe5+ Kd7
42. e6+ Kd6 43. Rg5 g6 44. hxg6 hxg6 45. Rxg6 Nd5 $44) 40. Rc8 Nc3+ 41. Ke3 b4
42. Rb8 Na2 43. Kd2 Ra4 44. Rb7 $16) 39... fxe5 40. dxe5+ Kd5 41. Rc7 (41. e6
Kd6 42. Nf4 Nc4 $15) 41... Nc4 $2 $16 (41... Ke4 42. Nf2+ Kxe5 43. Rxg7 Ra2+ (
43... Nd5 44. Rxh7 Nf4+ 45. Ke1 Ra1+ 46. Nd1 b4 47. Rb7 Ra2 48. Rb5+ Kd6 49. h6
Nd3+ 50. Kf1 Rh2 51. Rh5 (51. Kg1 Rh4 52. g5 Kc6 53. Rf5 b3 54. Kg2 b2 55. Nc3
Rc4 56. Nb1 Rh4 57. Nc3 (57. Rf6+ Kd7 58. g6 Rxh6 59. g7 Rxf6 60. g8=Q Rg6+ 61.
Qxg6 Nf4+ $11) 57... Rc4 58. h7 Rxc3 59. h8=Q Rc2+ 60. Kg3 b1=Q 61. Qc8+ Kd6
62. Qd8+ Kc6 63. Qd5+ Kb6 64. Rf6+ $18) 51... Rxh5 52. gxh5 Ne5 53. h7 Nf7 $11)
44. Kf3 Ra3+ 45. Ke2 $11 (45. Kg2 Nd5 46. Rxh7 Ne3+ 47. Kh2 Kf4 48. Rg7 Nf1+
49. Kg1 Nd2 50. Rd7 Rg3+ 51. Kh1 Nf3 52. Rf7+ Ke3 53. Nh3 Rxg4 $17)) 42. Rxg7
Ra2+ 43. Kf3 Ra3 44. Kf4 Ke6 (44... Nb6 45. Ne1 Ra4+ 46. Kf5 Re4 47. Nd3 Kd4
48. Rb7 Nd5 49. Ke6 Ne3 50. Rd7+ Kc4 51. g5 $16) 45. Nc5+ Kd5 46. Ne4 $2 $44 (
46. Nd7 Ra4 (46... h6 47. Rg6 Ra1 48. Rxh6 Rf1+ 49. Kg5 $16) 47. Rxh7 Nxe5+ 48.
Kf5 Nc4 49. Nf6+ $16) 46... Nxe5 47. Nf6+ Ke6 48. Nxh7 Ra4+ 49. Kg3 Ra3+ 50.
Kf2 (50. Kh4 Nf3+ 51. Kg3 Ne5+) 50... Ra2+ 51. Ke3 Ra3+ 52. Kd2 Ra2+ 53. Kc3
Ra3+ 54. Kc2 Ra2+ 55. Kb3 Rh2 56. Kb4 (56. Rg5 Rg2 57. Nf8+ Kf7 58. Rf5+ Kg8
59. h6 Rg3+ 60. Kb4 Rxg4+ 61. Kxb5 Ng6 62. Nd7 Rh4 63. Nf6+ Kh8 64. Rg5 Rxh6
65. Ng4 Kg7 66. Nxh6 Kxh6 $11) 56... Rh4 57. Kxb5 Rxg4 58. Ra7 Rb4+ $1 (58...
Rg1 $44) 59. Kxb4 (59. Kxb4 Nc6+ 60. Kc5 Nxa7 61. Ng5+ Kf6 $11) 1/2-1/2

[Event "RUS-Cup06"]
[Site "Nizhnij Novgorod"]
[Date "1998.07.06"]
[Round "8"]
[White "Kharlov, Andrei"]
[Black "Brodsky, Michail"]
[Result "1-0"]
[WhiteElo "2560"]
[BlackElo "2545"]
[PlyCount "105"]
[EventDate "1998.06.29"]
[EventType "swiss"]
[EventRounds "9"]
[EventCountry "RUS"]
[SourceTitle "EXT 2000"]
[Source "ChessBase"]
[SourceDate "1999.11.16"]
[SourceVersion "1"]
[SourceVersionDate "1999.11.16"]
[SourceQuality "1"]

1. e4 c5 2. Nf3 Nc6 3. Bb5 d6 4. O-O Bd7 5. Re1 Nf6 6. c3 a6 7. Bf1 Bg4 8. h3
Bxf3 9. Qxf3 g6 10. d3 Bg7 11. Be3 Nd7 12. Nd2 O-O 13. Qd1 b5 14. a3 e5 15. a4
Qc7 16. Be2 Rfd8 17. h4 Nb6 18. axb5 axb5 19. Rxa8 Rxa8 20. Qb3 Ra5 21. Bg4 Bf6
22. g3 Ne7 23. Nf3 Kg7 24. h5 Ng8 25. hxg6 hxg6 26. Kg2 Qe7 27. Rh1 Kf8 28. Qd1
Ra8 29. b4 Bg7 30. bxc5 dxc5 31. Qb3 Ra5 32. Ng5 c4 33. Qb1 Na4 34. Nh7+ Ke8
35. dxc4 Nxc3 36. Qd3 b4 37. c5 Qb7 38. Bf3 Qa6 39. Qc2 Qc4 40. Rb1 Ne7 41. Ng5
Nc6 42. Bg4 Nd4 43. Bxd4 exd4 44. e5 d3 45. Qb3 Rxc5 46. Qxb4 Nxb1 47. Qb8+ Rc8
48. Bxc8 Qd5+ 49. Nf3 d2 50. Bb7+ Qd8 51. Bc6+ Ke7 52. Qb4+ Ke6 53. Qc4+ 1-0

[Event "RUS-Cup06"]
[Site "Nizhnij Novgorod"]
[Date "1998.07.07"]
[Round "9"]
[White "Turov, Maxim"]
[Black "Kharlov, Andrei"]
[Result "1/2-1/2"]
[WhiteElo "2445"]
[BlackElo "2560"]
[PlyCount "105"]
[EventDate "1998.06.29"]
[EventType "swiss"]
[EventRounds "9"]
[EventCountry "RUS"]
[SourceTitle "EXT 2000"]
[Source "ChessBase"]
[SourceDate "1999.11.16"]
[SourceVersion "1"]
[SourceVersionDate "1999.11.16"]
[SourceQuality "1"]

1. e4 c5 2. Nf3 e6 3. c3 Nf6 4. e5 Nd5 5. Bc4 d6 6. exd6 Nb6 7. Bb3 Bxd6 8. d4
N8d7 9. Bg5 Be7 10. Bxe7 Qxe7 11. O-O O-O 12. Re1 Nf6 13. Nbd2 Rd8 14. Qe2 Bd7
15. dxc5 Qxc5 16. Nd4 Ba4 17. N2f3 Bxb3 18. axb3 a5 19. Ne5 Rd5 20. Nc4 Nxc4
21. Qxc4 Rad8 22. Qxc5 Rxc5 23. Kf1 g5 24. Nf3 g4 25. Re5 Rcd5 26. Rxd5 Rxd5
27. Nd4 Rh5 28. Ne2 Ne4 29. Ra4 Nd2+ 30. Ke1 Nxb3 31. Rxg4+ Kf8 32. h4 Rd5 33.
Rg5 Rd2 34. Nc1 Rxb2 35. Nxb3 Rxb3 36. Rxa5 Rxc3 37. Rh5 Kg7 38. Rg5+ Kf8 39.
Rb5 Rc7 40. g4 Kg7 41. Ke2 f6 42. Rb6 Re7 43. f4 h5 44. g5 fxg5 45. hxg5 Kg6
46. Kf3 Kf5 47. Rb5+ e5 48. fxe5 Kxg5 49. e6+ Kg6 50. Kf4 h4 51. Ke5 Re8 52.
Rb1 Kh5 53. Rxb7 1/2-1/2

[Event "RUS-ch51"]
[Site "St Petersburg"]
[Date "1998.07.30"]
[Round "3"]
[White "Volkov, Sergey"]
[Black "Kharlov, Andrei"]
[Result "1-0"]
[WhiteElo "2605"]
[BlackElo "2575"]
[Annotator "Tsesarsky"]
[PlyCount "115"]
[EventDate "1998.07.28"]
[EventType "swiss"]
[EventRounds "11"]
[EventCountry "RUS"]
[SourceTitle "CBM 067"]
[Source "ChessBase"]
[SourceDate "1998.11.30"]
[SourceVersion "2"]
[SourceVersionDate "1998.11.01"]
[SourceQuality "1"]

{[%mdl 20480]} 1. d4 {Hecht} Nf6 2. c4 e6 3. Nc3 d5 4. cxd5 exd5 5. Bg5 c6 6.
e3 Bf5 7. Qf3 Bg6 8. Bxf6 Qxf6 9. Qxf6 gxf6 10. h4 (10. Nf3 Nd7 (10... Be7 11.
Nh4 f5 12. Nf3 (12. g3 Bxh4 13. gxh4 f4 14. exf4 (14. Bh3 $2 fxe3 15. fxe3 Nd7
{0-1 Ryskin,A-Balashov,Y/Pinsk 1993 (50)}) 14... Nd7 15. Kd2 $14) 12... Nd7 13.
g3 Nf6 14. h4 Bh5 15. Nd2 Rg8 16. a3 Ne4 17. Bh3 Bg4 (17... Nxd2 18. Kxd2 Bf3
19. Rhb1 Bg4 20. Bf1 Bf6 21. Bd3 f4 22. gxf4 $14 {1-0 Giorgadze,T-Glienke,M/
Hannover 1983 (43)}) 18. Bg2 Bf6 $11) 11. Nh4 (11. Be2 Nb6 (11... f5 12. O-O
Nf6 13. a3 Ne4 14. Rfc1 Bh6 15. g3 Ke7 16. b4 a6 17. a4 Kd6 18. Ne5 f6 19. Nd3
$14 {1-0 Zilberman,Y-Kaldor,A/Petach-Tikva Magen mem. 1996 (38)}) (11... Be7
12. Rc1 Rd8 13. O-O h5 14. Na4 b5 15. Nc5 Nxc5 16. dxc5 Kd7 17. Nd4 f5 18. b4 {
1-0 Koch,B-Paroulek,V/cr FS-Ol/3 1960 (61)}) 12. Nd2 Bf5 (12... Kd7 13. h4 h5
14. Rc1 $132 (14. e4 $2 dxe4 15. Ndxe4 Kc7 16. O-O Rd8 17. Rfd1 Bg7 $15 {
1/2-1/2 Dao Thien Hai-Nielsen,P/Budapest ExpFS FebGM 1993 (61)})) 13. O-O Be7
14. Rfe1 a5 15. Rac1 O-O 16. g4 Be6 17. f4 f5 18. g5 a4 $132 {1/2-1/2 Flear,
G-Ruban,V/EUCup Gr1 Eupen 1994 (46)}) (11. h4 h5 12. Kd2 Bd6 13. Ne1 Nf8 14.
Nd3 $132 {0-1 Granath,S-Hunt,H/WchJW-U16 Szeged 1994 (38)}) (11. Kd2 Nb6 12. b3
a5 13. Bd3 Bb4 14. a3 Bxc3+ 15. Kxc3 a4 $132 {1/2-1/2 Zilberman,Y-Bruk,O/
ISR-ch Jerusalem 1996 (33)}) (11. g3 Nb6 12. Nd2 Bd6 13. Bg2 O-O 14. O-O Rfe8
$11 {1-0 Ivanov Igor V-Mikhalchishin Adrian/Ch URS liga), Ashkhabad 
(Turkmenistan) 1978 (68)}) 11... Bb4 $6 (11... Be7 12. g3 Nb6 13. f4 (13. O-O-O
f5 14. Ng2 h5 15. Bd3 Nc8 16. Ne2 Nd6 17. Nh4 O-O-O (17... Bxh4 18. gxh4 Ne4
19. Rdf1 Ke7 20. Nf4 Rhg8 21. Rhg1 $14) 18. Nf4 Rdg8 (18... Bxh4 19. gxh4 $14)
19. Kd2 $14 {1-0 Averbakh,Y-Damjanovic,M/Rijeka YUG-URS 1963 (51)}) (13. Rd1
Bb4 14. a3 Bxc3+ 15. bxc3 Na4 16. Kd2 b5 (16... Ke7 17. c4 dxc4 18. Bxc4 $14)
17. f3 O-O 18. g4 $14 {1-0 Piket,J-Van der Sterren,P/Wijk aan Zee 1998/CBM 63/
[Tsesarsky] (34)}) (13. f3 O-O-O (13... O-O $6 14. Kf2 Rfe8 15. Rd1 (15. Ng2
$14) 15... Nc8 (15... Bd6 16. Ng2 $14) 16. Ng2 Nd6 17. h4 h5 18. Nf4 $14 {
1-0 Milov,V-Pigusov,E/New York 1998/CBM 64/[Tsesarsky] (66)}) 14. Bh3+ Kc7 15.
Nf5 Rhe8 16. Kf2 $132) 13... f5 14. Bd3 Bxh4 15. gxh4 Ke7 16. Ne2 Ke6 17. Ng3
h6 18. b4 a6 19. Kd2 Nc8 20. a4 Nd6 21. h5 Bh7 22. Rhc1 Rhg8 $132 {1/2-1/2 Van
der Sterren,P-Piket,J/Amsterdam OHRA-B 1988/CBM 09 (62)}) (11... Bd6 $5 $11)
12. a3 Bxc3+ $6 $14 {1-0 Vaisser,A-Guigonis,D/Meribel 1998/CBM 67_05/
[Tsesarsky] (50)} (12... Bd6 $1)) (10. Kd2 Bd6 11. Bd3 Nd7 (11... Bxd3 12. Kxd3
Nd7 $132) 12. f4 (12. h4) 12... Bxd3 13. Kxd3 Rg8 14. g3 Ke7 15. Nf3 $132) (10.
Rd1 Bd6 $132) 10... Nd7 (10... h5 11. g3 $5 (11. Nh3 Bd6 12. g3 (12. Be2 Nd7
13. Rc1 Nb6 14. g3 Kd7 $10 (14... Nc4 $5 15. Bxc4 dxc4 16. Nf4 $14 {1/2-1/2
Sokolov,I-Dautov,R/Nussloch 1996/CBM 53/[Dautov] (61)})) 12... Nd7 13. Nf4 Nb6
$11 (13... Nb6 $5 14. f3 Kd7 15. Kf2 $11) (13... Bxf4 $6 14. gxf4 Bf5 15. f3
Rd8 16. Kf2 Nb6 17. Be2 $14 {Drasko,M-Bellini,F/Montecatini Terme /1995 (18)}))
11... Bd6 12. Nge2 Nd7 13. Bh3 Nb6 14. O-O-O Kd8 $11 {[%cal Gd8c7]} (14... Nc4
15. Rde1 $132 {Drasko,M-Pedersen,H/Copenhagen op/1989/ (19)})) 11. h5 Bf5 12.
O-O-O (12. Nf3 Rg8 13. Be2 Bd6 $11) 12... O-O-O 13. Nf3 Bg4 14. Be2 Bxf3 $5 (
14... Rg8 $11 15. Nh4 f5 (15... Bb4 16. Bxg4 Rxg4 17. Ne2 Re8 18. Ng3 Bd6 19.
Ngf5 Bc7 20. Nh6 Rge4 21. Nxf7 Rg4 22. Nh6 $16) 16. Bxg4 fxg4 17. Ne2 Bd6 18.
Nf5 Nf6 19. Neg3 Kd7 $11) 15. Bxf3 f5 16. Be2 (16. Kd2 $5 Nf6 17. Rc1 Bb4 (
17... Bh6 18. g3 Ne4+ 19. Ke2 Nxc3+ 20. Rxc3 Rhg8 21. b4 a6 22. a4 Kd7 23. Rhc1
$14) 18. Ke2 Ne4 $132) 16... Nf6 17. Rh3 $5 (17. Bd3 Ne4 18. Rdf1 Re8 19. g3
Rg8 20. Kc2 Kd7 $11) 17... Rg8 (17... Bh6 18. Rf3 f4 (18... Nxh5 19. Rxf5 $18)
19. g3 Rde8 (19... Nxh5 20. Rh1 $18) 20. gxf4 Rhg8 21. Kd2 Rg2 22. Rh1 Reg8 23.
Bd3 Kd7 24. Ne2 Ne4+ 25. Bxe4 dxe4 26. Rg3 Ke6 27. Rxg8 Rxg8 28. Ng3 (28. f5+
Kf6 29. Ng3 Rg4 30. Rh3 Bf8 31. Ke2 Bd6 32. f4 exf3+ 33. Kxf3 Rxg3+ 34. Rxg3
Bxg3 35. Kxg3 Kxf5 $17) 28... f5 29. Kc3 $14) 18. Rf3 Rxg2 19. Rxf5 Be7 20. Rh1
(20. Bf3 Rxf2 21. Rh1 Rg8 22. Nd1 Rxf3 23. Rxf3 Kd7 $14) (20. Rf1 Rdg8 21. Bf3
R2g7 22. Kd2 $132) 20... Rdg8 21. Rh3 R8g5 (21... Kd7 22. Rhf3 (22. Bd3 Ng4 23.
Rhf3 Nh6 24. Rf6 Bxf6 25. Rxf6 Ng4 26. Rxf7+ Ke6 27. Rxb7 h6 28. Rxa7 Nxf2 $15)
22... Ke6 23. Re5+ Kd6 24. Kd2 (24. Ref5 Ke6 25. Bd3 R8g5 26. Ne2 Rxf5 27.
Bxf5+ Kd6 28. Ng3 Rh2 29. Bh3 Ne4 30. Bc8 Nxg3 31. fxg3 Bg5 32. Bxb7 Re2 $11)
24... h6 25. e4 R8g4 26. Kd3 dxe4+ 27. Nxe4+ Nxe4 28. Rxe4 Rg7 $11) 22. Rf4 Kd8
23. Kd1 Ke8 24. Ke1 Kf8 $2 $14 (24... h6 25. Rhf3 (25. Bf3 Rg1+ 26. Ke2 Kd7 27.
Kd3 Ke6 28. Ne2 Rd1+ 29. Kc2 Rf1 30. e4 dxe4 31. Bxe4 Bd6 32. Bd3 Nd5 $17)
25... Rg1+ 26. Kd2 Nxh5 27. Rxf7 Ng7 $15) 25. Rhf3 Rxh5 26. Rxf6 Bxf6 27. Rxf6
Rh1+ 28. Kd2 h5 (28... Rhh2 29. e4 (29. Nd1 h5 30. Bf3 Rg5 31. Ke2 h4 $132)
29... Rxf2 30. Rxf2 Rxf2 31. exd5 cxd5 32. Nxd5 h5 33. Ke3 Rh2 34. a4 h4 35. b4
Ke8 36. Bg4 $14) 29. e4 h4 30. Ke3 h3 (30... Ke7 31. Rh6 dxe4 32. Nxe4 Rg6 33.
Rh7 Kf8 34. Bc4 Rg7 35. Rh8+ (35. Rh6 Rg6 $11) 35... Ke7 36. Kf4 $14) 31. Rh6
dxe4 (31... Kg7 32. Rh4 dxe4 33. Nxe4 f5 34. Nd6 Rhh2 35. Nxf5+ Kf6 36. Ng3 (
36. Rf4 Ke6 37. Ng3 $18) 36... Kg7 37. Rf4 $18) 32. Nxe4 Rb1 33. Rxh3 Rxb2 34.
Bc4 b5 35. Bb3 a5 36. Rf3 (36. Rh7 Rg7 37. Rxg7 Kxg7 38. Nd6 a4 39. Bxf7 Kf8
40. Bg6 Rxa2 $17) 36... Rg7 37. Kd3 (37. Nd6 a4 38. Be6 (38. Bxf7 Ke7 39. Nc8+
Kd7 40. Na7 b4 41. d5 c5 42. Be6+ Kc7 43. Nc8 b3 44. d6+ Kc6 45. axb3 a3 46.
Rf4 (46. d7 Rxd7 47. Bxd7+ Kxd7 48. Nb6+ Ke8 49. Rf4 Rxb3+ 50. Kd2 Rxb6 51. Ra4
Rb3 52. Ra7 $11) 46... a2 47. Ra4 Rg1 48. Ra6+ Kb5 (48... Kb7 49. Rb6+ Ka8 50.
Bd5#) 49. Bc4+ Kb4 50. d7 Re1+ 51. Kf3 Rd1 52. Nd6 a1=Q 53. Rb6+ Kc3 54. d8=Q
$18) 38... Ke7 39. Nf5+ Kxe6 40. Nxg7+ Kd5 41. Rf5+ Kc4 42. Rc5+ Kb4 43. Rxc6
Rxa2 44. Nf5 $18) 37... a4 38. Kc3 Re2 (38... Rb1 39. Bc2 Ra1 40. Kb2 Re1 $14)
39. Bc2 Rg1 (39... Rg2 $5 40. Kd3 Re1 41. Rf6 Ra1 42. Rxc6 Rxa2 43. Rb6 Ra3+
44. Kd2 Rf3 (44... f5 45. Rf6+ Ke7 46. Rxf5 b4 47. Ra5 b3 48. Ra7+ Kf8 49. Bd3
Rg7 50. Ra8+ Ke7 51. Nc5 $18) 45. Bd1 Rf5 $14) 40. Kd3 Ree1 41. Kc3 (41. Rf6
Ra1 42. Nc3 Rg6 43. Rxg6 fxg6 44. d5 cxd5 45. Nxb5 Rxa2 46. Nc3 Ra1 47. Bxa4
Rf1 48. Ke2 Ra1 $14) 41... Ke7 $2 $16 (41... Re2 $5 42. Ng3 (42. Kd3 Ree1 43.
Rf6 $14) (42. a3 Rc1 43. Nd2 Ra1 44. Bd3 Rc1+ 45. Bc2 Ra1 $11) 42... Re6 (42...
Ree1 43. Rf6 Re6 $14)) 42. a3 Rg4 43. Ng3 $2 (43. Nc5 $1 Ra1 44. Kb2 Rh1 45.
Be4 $16) 43... c5 $2 $16 (43... Ra1 44. Kb2 Rg1 45. Nf5+ Kd8 $14) 44. Nf5+ Kd7
(44... Ke6 45. Kd2 Ra1 46. Re3+ $1 (46. dxc5 Rc4 47. Re3+ Kd5 48. Nd6 Rxc5 49.
Nxf7 Ra2 50. Re5+ Kc6 (50... Kd4 51. Re4+ Kd5 52. Re5+ $11) 51. Rxc5+ Kxc5 $15)
46... Kf6 (46... Kd7 47. dxc5 Rc4 48. Nd6 Rxc5 49. Nxb5 Rxb5 50. Bxa4 $18) 47.
dxc5 (47. Rf3 Ke6) 47... Rf4 48. Ng3 Rxf2+ 49. Ne2 Rh2 50. c6 Rh8 51. c7 Rf1
52. Nd4 b4 53. axb4 Rf2+ 54. Kd3 Rc8 55. Nb5 a3 56. Nc3 a2 57. Nd5+ Kg7 58. Re1
Rf3+ 59. Kd4 Rf2 60. Bd3 $18) 45. dxc5 Rc4+ (45... Re5 46. Ne3 Rxc5+ 47. Kb2
$14) 46. Kd2 Ra1 $2 $18 (46... Re5 47. Ne3 Rcxc5 48. Rxf7+ $16) 47. Nd6 Rxc5
48. Nxb5 $1 Rxb5 49. Bxa4 Ra2+ 50. Ke1 Ra1+ 51. Ke2 Ra2+ 52. Kf1 Rab2 53. Rf5
Kc6 54. Rxb5 Rxb5 55. Ke2 Kc5 56. Bxb5 Kxb5 57. Kd3 Ka4 58. Kc4 {'!' Hecht.
Hecht: 'Tempospiel!'} (58. Ke4 {Hecht} Kxa3 59. Kf5 Kb4 60. Kf6 Kc4 61. Kxf7
Kd5 62. Kf6 Ke4 63. Kg5 Kf3 $11) (58. Kc4 $1 {Hecht} Kxa3 59. f4 $1 Kb2 (59...
Ka4 60. f5 Ka5 61. Kc5 Ka6 62. Kd6 $18) 60. f5 Kc2 61. f6 Kd2 62. Kd5 Ke3 63.
Kd6 Kf4 64. Ke7 $18) 1-0